Zrušená škola asi ostane vo svojich priestoroch

Bibliographic Details
Format: Article
Language:Slovak
PhysicalDescription:Fotogr.
ISSN:1210-2423
Subjects:

MARC

LEADER 00000nab a2200000 ar4500
001 vtls010266296
003 SK-MaSNL
005 20260303092756.0
008 110324c2011 xo wr|p|||||||000 b|slo
038 |a PPPK 
040 |a PPPKCL  |b slo  |c PPPKCL  |e AACR2 
041 0 |a slo 
044 |a xo  |c SK 
080 |a 373.6  |x (437.671.113.123)  |2 2001 
245 0 0 |a Zrušená škola asi ostane vo svojich priestoroch  |c [text a foto] (bšl) 
300 |b Fotogr. 
610 2 7 |a Stredná odborná škola, Pradiarenská 1 (Kežmarok, Slovensko)  |2 pppkcl  |9 1034614 
648 7 |a 31.8.2011  |2 pppkcl  |9 1102985 
650 0 7 |a stredné odborné školy  |2 pppkcl  |9 67892 
650 0 7 |a zrušenie školy  |2 pppkcl  |9 1032904 
651 7 |a Kežmarok (Slovensko)  |2 pppkcl  |9 26808 
773 0 |t Podtatranské noviny  |g Roč. LII, č. 11 (2011), s. 1 a 5  |x 1210-2423 
852 |a PPPK  |b KIS3GCP 
999 |c 1812988  |d 1814918